| 000 | 00394 a2200133 4500 | ||
|---|---|---|---|
| 001 | 92331 | ||
| 082 | _aPR 2383 | ||
| 090 |
_c44287 _d44288 |
||
| 100 | _aSyed Zaheer ; Prof Shahzada Iqbal (Advisor) | ||
| 245 |
_aDesign and Development of Software for Delay Programmer of PSD-1 Cluster Bomb _n60'B' EC |
||
| 260 |
_aIslamabad _bNUST _c2005 |
||
| 300 | _aviii,114p. | ||
| 500 | _aBE Project Report | ||
| 942 |
_aCAE NUST _kPR 2383 |
||
| 999 |
_c327404 _d327404 |
||